000 01223cab a2200205 4500
001 L129760
008 050518n2005 000 0 eng u
035 _a(Sirsi) u129760
041 _aeng
100 _aRice, Roger
245 _aHome Information Packs and Inspection Reports
_bpart 1 - introduction
260 _c2005
490 _aSite Recorder
_v123(1465) May 2005, 9(1)
520 _aGives details of the Home Information Packs which the government plans to introduce throughout England and Wales from the beginning of 2007. Explains that there is a proposal for a trial of the scheme on a voluntary basis in England and Wales from July 2006 and once the Housing Act 2004 has been enacted it is expected there will be a significant increase in take up of voluntary Information Pack initiatives. The trial will enable the industry and the public to experience the full statutory Home Information Packs scheme in advance of its introduction throughout England and Wales on a mandatory basis.
590 _aIKA190505
650 _aHOUSING ACT 2004
650 _aHOUSING ACT 2004 PART V
690 _aPROPERTY-RESIDENTIAL PROPERTY-ACQUISITION AND DISPOSAL OF RESIDENTIAL PROPERTY-HOME BUYING REFORM
942 _n0
999 _c75255
_d75255